[Event "Chigorin Memorial 22nd"]
[Site "St Petersburg"]
[Date "2014.10.21"]
[Round "4"]
[White "Matchenya, Ivan"]
[Black "Bimiev, Ahmad"]
[Result "1-0"]
[WhiteElo "1659"]
[BlackElo "2090"]
[PlyCount "59"]
[EventDate "2014.10.18"]
[EventType "swiss"]
[EventRounds "9"]
[EventCountry "RUS"]
[SourceTitle "EXT 2015"]
[Source "ChessBase"]
[SourceDate "2014.11.20"]
[SourceVersion "1"]
[SourceVersionDate "2014.11.20"]
[SourceQuality "1"]

1. e4 d6 2. d4 Nf6 3. Nc3 g6 4. f4 Bg7 5. Nf3 0-0 6. Bd3 Nc6 7. e5 dxe5 8. dxe5 Nd5 9. Nxd5 Qxd5 10. Qe2 Bg4 11. 0-0 Nd4 12. Qe3 Nxf3+ 13. gxf3 Bh3 14. Re1 Rfd8 15. Qe2 Qd4+ 16. Be3 Qxb2 17. Reb1 Qc3 18. Bd2 Qc6 19. Be4 Qd7 20. Bxb7 Rab8 21. Be3 Qa4 22. c3 Qa5 23. Rb5 Qxc3 24. Rc1 Qa3 25. Rb3 Qa4 26. Bc6 Qa5 27. Rc5 Rxb3 28. Rxa5 Rb1+ 29. Kf2 Rdb8 30. Rb5 1-0

[Event "St Petersburg White Nights op"]
[Site "St Petersburg"]
[Date "2012.06.07"]
[Round "6"]
[White "Gantsevich, Aleksey A"]
[Black "Matchenya, Ivan"]
[Result "1/2-1/2"]
[WhiteElo "1599"]
[BlackElo "1730"]
[PlyCount "50"]
[EventDate "2012.06.02"]
[EventType "swiss"]
[EventRounds "9"]
[EventCountry "RUS"]
[SourceTitle "CBM 148 Extra"]
[Source "ChessBase"]
[SourceDate "2012.06.22"]
[SourceVersion "1"]
[SourceVersionDate "2012.06.22"]
[SourceQuality "1"]

1. e4 c6 2. d4 d5 3. Nc3 dxe4 4. Nxe4 Bf5 5. Ng3 Bg6 6. Nf3 Nd7 7. Be2 Ngf6 8. 0-0 e6 9. b3 Be7 10. Bb2 0-0 11. c4 Qc7 12. Bd3 Bxd3 13. Qxd3 Rfd8 14. Qc2 Rac8 15. Rac1 c5 16. Rfd1 Nb6 17. h3 a6 18. Rd2 h5 19. Re2 h4 20. Nxh4 cxd4 21. Qd3 Bc5 22. Nf3 Rd6 23. a3 a5 24. Nd2 Rd7 25. Nf3 Re8 1/2-1/2